000 00734nam a2200121Ia 4500
008 220615s9999||||xx |||||||||||||| ||und||
100 _aRemmelink, Willem
245 4 _aThe invasion of the Dutch East Indies
546 _aEnglish[eng]
650 _asecond world war||indonesia||military history||senshi sōsho||japan||Dutch East Indies||Java||Palembang||Sixteenth Army (Japan)||Southern Expeditionary Army Group||Staff (military)
856 _uhttps://library.oapen.org/bitstream/20.500.12657/32880/1/595090.pdf||https://library.oapen.org/bitstream/20.500.12657/32880/1/595090.pdf||https://library.oapen.org/bitstream/20.500.12657/32880/1/595090.pdf||https://library.oapen.org/bitstream/20.500.12657/32880/1/595090.pdf
942 _cEB
999 _c12783
_d12783